000 00414nam a2200181Ia 4500
001 8479
005 20260306160612.0
008 260306t1998||||xx |||||||||||||| ||spa||
041 _aESP
082 _a371.1
_bL12
100 _aAvanzini, Guy (corrd.)
_eAUT
245 0 _aLa pedagogía hoy
260 _c1998
300 _a367 páginas :
_c21 cm,
650 _aGEN
654 _aCED
942 _cLIB
_dJUS
_fJUS
_2ddc
_n
999 _c8479
_d8479